James Bond Villains and their Henchmen - Statistics

General Stats
  • This quiz has been taken 131 times
  • The average score is 24 of 60
Answer Stats
Picture Hint Answer % Correct
Main Villain Dr. No
99%
Main Villain Auric Goldfinger
92%
Henchman Oddjob
84%
Main Villain Ernst Stavro Blofeld
82%
Henchman Jaws
78%
Main Villain Francisco Scaramanga
73%
Main Villain Hugo Drax
68%
Main Villain Emilio Largo
66%
Main Villain Rosa Klebb
66%
Main Villain Max Zorin
57%
Henhcman Nick Nack
53%
Main Villain Karl Stromberg
52%
Henchman May Day
52%
Henchman Baron Samedi
51%
Main Villain Kamal Khan
51%
Main Villain Le Chiffre
51%
Main Villain Elliot Carver
48%
Henchman Red Grant
48%
Main Villain Alec Trevelyan
47%
Main Villain Dr. Kananga
47%
Henchman Mr. Kidd
47%
Main Villain Franz Sanchez
44%
Main Villain General Orlov
44%
Henchman Mr. Wint
43%
Main Villain Aristotle Kristatos
42%
Main Villain Elektra King
42%
Main Villain Renard
42%
Henchman Xenia Onatopp
42%
Main Villain Brad Whitaker
41%
Main Villain Raoul Silva
38%
Henchman Dario
37%
Henchman Tee Hee
37%
Henchman Professor Dent
35%
Main Villain Tov Kronsteen
34%
Henchman Whisper
34%
Main Villain General Koskov
33%
Henchman Irma Bunt
33%
Main Villain Dominic Greene
32%
Main Villain Gustav Graves
32%
Henchman Mr. Osato
32%
Henchman Zao
32%
Henchman Chang
29%
Henchman Fiona Volpe
29%
Henchman Helga Brandt
29%
Henchman Milton Krest
28%
Henchman Hans
27%
Henchman Richard Stamper
27%
Henchman Boris Grishenko
25%
Henchman Gobinda
25%
Henchman Necros
22%
Henchman Vargas
22%
Main Villain Lyutsifer Safin
19%
Henchman Mr. Bullion
15%
Henchman Mr. Hinx
15%
Henchman Elvis
14%
Henchman Erich Kriegler
13%
Main Villain Franz Oberhauser
11%
Henchman Patrice
10%
Henchman Adolph Gettler
5%
Henchman Primo
3%
No matching quizzes found
Score Distribution
Percent of People with Each Score
Percentile by Number Answered
Your Score History
You have not taken this quiz